[Event "Olympiad-44"]
[Site "Chennai"]
[Date "2022.08.07"]
[Round "9.3"]
[White "Lungu, Nase"]
[Black "Djabri, Massinas"]
[Result "0-1"]
[WhiteElo "2216"]
[BlackElo "2206"]
[PlyCount "70"]
[EventDate "2022.07.29"]
[EventType "team-swiss"]
[EventRounds "11"]
[EventCountry "IND"]
[SourceTitle "CBM 210"]
[Source "ChessBase"]
[SourceDate "2022.10.31"]
[SourceVersion "1"]
[SourceVersionDate "2022.10.31"]
[SourceQuality "1"]
[WhiteTeam "Zambia"]
[BlackTeam "Algeria"]
[WhiteTeamCountry "ZAM"]
[BlackTeamCountry "ALG"]

1. c4 e5 2. g3 Nf6 3. Bg2 g6 4. Nf3 Nc6 5. Nc3 Bg7 6. d4 exd4 7. Nxd4 0-0 8. 0-0 Re8 9. Nc2 d6 10. b3 Bf5 11. f3 d5 12. Na3 d4 13. Na4 d3 14. e3 Nb4 15. Qd2 Nc2 16. Nxc2 dxc2 17. e4 Nxe4 18. fxe4 Bxa1 19. exf5 Qxd2 20. Bxd2 Bd4+ 21. Kh1 Re2 22. Bc1 Rae8 23. fxg6 hxg6 24. Bf3 Rf2 25. Rxf2 Re1+ 26. Kg2 Rxc1 27. Be4 Rg1+ 28. Kxg1 c1Q+ 29. Kg2 Bxf2 30. Kxf2 Qd2+ 31. Kf3 b6 32. Bd5 Qxa2 33. c5 Qd2 34. Bc4 Qd4 35. h4 c6 0-1

[Event "Olympiad-44"]
[Site "Chennai"]
[Date "2022.08.02"]
[Round "5.3"]
[White "Djabri, Massinas"]
[Black "Noboa Silva, Kevin Omar"]
[Result "1/2-1/2"]
[WhiteElo "2206"]
[BlackElo "2304"]
[PlyCount "85"]
[EventDate "2022.07.29"]
[EventType "team-swiss"]
[EventRounds "11"]
[EventCountry "IND"]
[SourceTitle "CBM 210"]
[Source "ChessBase"]
[SourceDate "2022.10.31"]
[SourceVersion "1"]
[SourceVersionDate "2022.10.31"]
[SourceQuality "1"]
[WhiteTeam "Algeria"]
[BlackTeam "Ecuador"]
[WhiteTeamCountry "ALG"]
[BlackTeamCountry "ECU"]

1. d4 e6 2. c4 Nf6 3. Nf3 Bb4+ 4. Bd2 a5 5. a3 Bxd2+ 6. Qxd2 d6 7. Nc3 Nbd7 8. e3 0-0 9. Bd3 e5 10. 0-0 Re8 11. Qc2 Qe7 12. Nd2 c6 13. b4 Nf8 14. d5 Bd7 15. Rfb1 axb4 16. Rxb4 Bc8 17. Bf5 Qc7 18. Bxc8 Rexc8 19. Qb2 cxd5 20. Nxd5 Nxd5 21. cxd5 Ra5 22. Rxb7 Qd8 23. e4 Rac5 24. Nf1 Rc2 25. Qb1 Qh4 26. Qe1 Ng6 27. Ne3 R2c5 28. Nf5 Qg5 29. Rb3 h5 30. Rg3 Qd8 31. h4 Rc2 32. a4 R8c5 33. Qd1 Qb6 34. a5 Qa7 35. Qxh5 Rc1+ 36. Rxc1 Rxc1+ 37. Kh2 Qxf2 38. Rb3 Qg1+ 39. Kg3 Qe1+ 40. Kh2 Qg1+ 41. Kg3 Qe1+ 42. Kh2 Qg1+ 43. Kg3 1/2-1/2

[Event "Olympiad-44"]
[Site "Chennai"]
[Date "2022.08.01"]
[Round "4.3"]
[White "Abdulkadir, Mohamed Warsame"]
[Black "Djabri, Massinas"]
[Result "0-1"]
[WhiteElo "1820"]
[BlackElo "2206"]
[PlyCount "102"]
[EventDate "2022.07.29"]
[EventType "team-swiss"]
[EventRounds "11"]
[EventCountry "IND"]
[SourceTitle "CBM 210"]
[Source "ChessBase"]
[SourceDate "2022.10.31"]
[SourceVersion "1"]
[SourceVersionDate "2022.10.31"]
[SourceQuality "1"]
[WhiteTeam "Somalia"]
[BlackTeam "Algeria"]
[WhiteTeamCountry "SOM"]
[BlackTeamCountry "ALG"]

1. c4 Nf6 2. Nc3 g6 3. d4 Bg7 4. e4 0-0 5. Nf3 d6 6. Be2 e5 7. dxe5 dxe5 8. Qxd8 Rxd8 9. Bg5 Re8 10. h3 h6 11. Be3 c6 12. g4 Nfd7 13. c5 Bf8 14. Na4 Na6 15. Bxa6 bxa6 16. Nd2 Nf6 17. f3 Be6 18. b3 Rab8 19. Rc1 Rb4 20. Nb2 Nd7 21. Ke2 Reb8 22. Rc2 a5 23. Rhc1 R4b5 24. Na4 R8b7 25. Nb1 f5 26. Na3 Rb4 27. Bd2 fxe4 28. Bxb4 exf3+ 29. Kxf3 Bd5+ 30. Kg3 axb4 31. Nc4 Rb5 32. Ne3 Be4 33. Rf2 Be7 34. Rc4 Bd3 35. Rd2 e4 36. Rxe4 Bxe4 37. Rxd7 Bxc5 38. Nxc5 Rxc5 39. Rxa7 Rc3 40. Kf2 Bb1 41. h4 Rd3 42. Ke2 Rd4 43. Ra6 h5 44. Rxc6 hxg4 45. Nc2 Rf4 46. Rxg6+ Kh7 47. Rc6 Bxa2 48. Rb6 g3 49. Ne3 Bxb3 50. h5 Bf7 51. Rb5 b3 0-1

[Event "Titled Tuesday intern op 28th Jun Early"]
[Site "Chess.com INT"]
[Date "2022.06.28"]
[Round "2"]
[White "Djabri, Massinas"]
[Black "Bachmann, Axel"]
[Result "1-0"]
[WhiteElo "2206"]
[BlackElo "2588"]
[PlyCount "59"]
[EventDate "2022.06.28"]
[EventType "swiss (blitz)"]
[EventRounds "11"]
[EventCountry "USA"]
[SourceTitle "CBM 209 Extra"]
[Source "ChessBase"]
[SourceDate "2022.09.30"]
[SourceVersion "1"]
[SourceVersionDate "2022.09.30"]
[SourceQuality "1"]

1. d4 Nf6 2. Bf4 g6 3. e3 Bg7 4. Nf3 d6 5. h3 0-0 6. Be2 Nfd7 7. 0-0 e5 8. Bh2 Nc6 9. dxe5 Ndxe5 10. c3 f5 11. Nbd2 Be6 12. Nd4 Bf7 13. N2f3 h6 14. Nxe5 Nxe5 15. Nf3 Qe7 16. Qc2 Rae8 17. Rfd1 Kh8 18. Qa4 a6 19. Qb4 b5 20. Qa5 Ra8 21. Nxe5 dxe5 22. a4 Rab8 23. axb5 axb5 24. Bxb5 f4 25. exf4 exf4 26. Rd7 Qg5 27. Qxc7 Be5 28. Qa7 f3 29. Bxe5+ Qxe5 30. Rxf7 1-0

[Event "Titled Tuesday intern op 28th Jun Early"]
[Site "Chess.com INT"]
[Date "2022.06.28"]
[Round "3"]
[White "Goltsev, Dmitry"]
[Black "Djabri, Massinas"]
[Result "1-0"]
[WhiteElo "2294"]
[BlackElo "2206"]
[PlyCount "59"]
[EventDate "2022.06.28"]
[EventType "swiss (blitz)"]
[EventRounds "11"]
[EventCountry "USA"]
[SourceTitle "CBM 209 Extra"]
[Source "ChessBase"]
[SourceDate "2022.09.30"]
[SourceVersion "1"]
[SourceVersionDate "2022.09.30"]
[SourceQuality "1"]

1. e4 e5 2. Nf3 Nc6 3. Bb5 Nf6 4. 0-0 Nxe4 5. d4 Nd6 6. Bxc6 dxc6 7. dxe5 Nf5 8. Qxd8+ Kxd8 9. Rd1+ Ke8 10. Bg5 Be7 11. Nc3 h6 12. Bxe7 Nxe7 13. h3 h5 14. Rd2 Bf5 15. Rad1 b6 16. Nd4 Bg6 17. e6 a6 18. exf7+ Bxf7 19. Re1 Kf8 20. Rde2 Re8 21. Re3 c5 22. Nf3 Nf5 23. Rxe8+ Bxe8 24. Nd5 Bc6 25. Nxc7 Rh6 26. Ne5 Nd4 27. c3 Nb5 28. Nxa6 Re6 29. Nb8 Be8 30. Ned7+ 1-0